000 00325nam a2200121Ia 4500
008 190216s9999||||xx |||||||||||||| ||und||
100 _a"Gupta Sl, Kumar V, Sharma Hv"
245 0 _aClassical Mechanics
260 _bPragathi Prakashan
_c1993
300 _a40p
650 _aClassical Mechanics Solid Mechanics
942 _cBK
999 _c33214
_d33214